Statystyki dla 51 Najbiedniejszych państw według parytetu siły nabywczej.

Kliknij tutaj aby rozwiązać quiz!

Ogólne statystyki

  • Ten quiz został rozwiązany 88 razy
  • Średni wynik to 25 z 51

Odpowiedzi na mapie

Odpowiedzi skodowane kolorowo w zielono-czerwonej skali na mapie do tego quizu, zgodnie z poniższymi procentami.
Ładowanie ...
 

Statystyki odpowiedzi

Państwo% Poprawnych
Somalia
64%
Syria
59%
Wyspy Salomona
59%
Tuvalu
59%
Seszele
59%
Nauru
57%
Palau
56%
Togo
56%
Erytrea
56%
Dominika
56%
Haiti
54%
Burundi
52%
Lesotho
52%
Mołdawia
52%
Komory
52%
Mikronezja
52%
Tonga
52%
Barbados
51%
Sudan Południowy
51%
Kiribati
51%
Mauretania
51%
Belize
51%
Gambia
51%
Liberia
51%
Wyspy Świetego Tomasza i Książęca
49%
Malediwy
49%
Vanuatu
49%
Wyspy Marshalla
48%
Gwinea Bissau
48%
Surinam
48%
Fidżi
48%
Republika Zielonego Przylądka
46%
Samoa
46%
Antigua i Barbuda
46%
Republika Środkowoafrykańska
46%
Saint Kitts i Nevis
46%
Saint Lucia
46%
Bahamy
44%
Sierra Leone
44%
Suazi/Eswatini
44%
Gujana
44%
Saint Vincent i Grenadyny
43%
Bhutan
43%
Timor Wschodni
41%
San Marino
41%
Kosowo
41%
Dżibuti
39%
Malta
38%
Grenada
36%
Czarnogóra
33%
Islandia
28%

Rozkład punktacji

Percentyl według liczby udzielonych odpowiedzi

Procent ludzi z każdym wynikiem

Twoja historia wyników

Nie rozwiązałeś tego quizu